| 000 | 00851nam a2200229 a 4500 | ||
|---|---|---|---|
| 001 | 000026610 | ||
| 005 | 20260522095016.0 | ||
| 008 | 110324s1999 dr a 000 0 spa d | ||
| 040 |
_aDO-SdBNP _bspa _cBNPHU |
||
| 082 |
_a324.7 _bM385m |
||
| 100 | 1 |
_aMartínez, Norberto, _d1961- _953720 |
|
| 245 | 1 | 0 |
_aMarketing político en la República Dominicana / : _b(epítome didáctico) / _cNorberto Martínez. |
| 260 |
_aSanto Domingo : _bTalleres gráficos de mercadeo sin frontera, _c1999. |
||
| 300 |
_a351 p. : _bil. ; _c21. |
||
| 500 | _aIncluye datos biográficos del autor en las solapas | ||
| 504 | _aBibliografía : p. 349-351 | ||
| 650 | 4 |
_aMercadeo político _919754 |
|
| 650 | 4 |
_aPublicidad política _96359 |
|
| 650 | 0 |
_aComunicación en la política _936767 |
|
| 650 | 4 |
_aPolítica y medios de comunicación de masas _918709 |
|
| 049 | _aBNPD | ||
| 999 |
_c26102 _d26102 |
||